HGGSP - Guerre et Paix - Statistiques

Statistiques générales
  • Ce quiz a été pris 983 fois
  • Le résultat moyen est 19 sur 91
Statistiques - réponses
Questions Réponses % Correct
Au XIXe siècle, le % de personnes mortes à cause de la guerre était de 15%, au XXe siècle ce % était de 5%, à combien de % s'élève ce nombre au XXIe siècle ? 1%
76%
Quel continent est le plus touchés par les conflits ? Afrique
74%
Comment appelle-t-on les guerres classiques conventionnelles (qui oppose des états...) ? Inter-étatique
66%
Comment appelle-t-on les guerres non conventionnelles (à l'intérieur d'un même état...) ? Intra-étatique
66%
Citez au moins un type de guerre asymétrique Guerre civile, terrorisme, guerilla
62%
En quelle année la Russie a-t-elle annexée la Crimée ? 2014
55%
Citez un des 5 membres permanant du conseil de sécurité Chine, France, Russie, Royaume-Uni, Etats-Unis
55%
Quel prussien a enseigner l'art de la guerre, et a écrit un ouvrage intitulé "De la guerre" ? Carl von Clausewitz
54%
Citez un autre pays impliqué dans cette guerre (excepté la Prusse) ? Grande Bretagne, France, Autriche, Russie
54%
Comment est appelé un acte internationale ou interne proclamant la fin de la guerre ? Traité de Paix
46%
En quelle année les Etats-Unis ont intervenues en Irak ? 2003
43%
Qui était le président des Etats-Unis lors des attentats du 11 septembre 2001 ? Georges Bush
42%
Comment s'appelle l'ensemble des traités qui ont suivit cette guerre ? Traités de Westphalie
37%
Quel congrès en 1815 permet d'apaiser les situations géopolitiques en Europe ? Congrès de Vienne
36%
Quelle organisation considère que le terrorisme est l'équivalent d'un crime de guerre mais en temps de paix ? L'ONU
36%
Citez un exemple de guerre à échelle mondiale ? Terrorisme, Al Qaïda
36%
En quelle année est créée la Société Des Nations ? 1919
35%
Citez un exemple de guerre à échelle régionale ? Syrie, Moyen-Orient, Sahel, Daech
35%
Quelle autre guerre a eu lieu en 1973 qui a prit le nom d'une fête juive ? Guerre du Kippour
33%
Qui est le 7ème secrétaire général des nations unies de 1997 à 2006 ? Kofi Annan
33%
Citez un traité qui a abouti a une paix négative Traité de Versailles
33%
En quelle année Daech a été crée ? 2006
31%
En quelle année le Hamas a-t-il gagné les élections à Gaza dans le but d'élire les représentants des autorités palestiniennes ? 2006
31%
En quelle année a eu lieu la révolution islamique en Iran ? 1979
30%
En quelle année les accords du camp David ont été signés ? 1979
30%
Comment sont appelées les "guerres" opposant Israël et Palestine, où la population ce lancent des pierres, dont la première a eu lieu en 1987 ? Intifada
30%
Quelles sont les bornes chronologiques de la guerre de 30 ans ? 1618-1648
29%
Quelles sont les bornes chronologiques de la guerre de 7 ans ? 1756-1763
29%
En quelle année l'ONU décide de donner 55% du territoire palestinien à Israël et 45% à la Palestine ? 1947
29%
Quel terme qualifie une situation intermédiaire entre la paix pacifique et la guerre totale, et est un indicateur du niveau de tension militaire mondiale ? Conflictualité
28%
En quelle année Nasser décide de nationaliser le canal de Suez ? 1956
27%
Avec quels accords le processus de paix est lancé en 1993, et débouche sur la création d'une autorité palestinienne ? Accords d'Oslo
27%
Comment est le monde jusqu'en 1991 ? Bipolaire
25%
Quel pays attaque la Saxe ? Prusse
25%
De quel désert Israël avait prit possession après que les européens aient chassés les égyptiens du canal ? Désert du Sinaï
23%
Comment peuvent être appelés les membres d'Al Qaïda, menant aussi des guerres saintes etc... ? Djihadistes
22%
Les racines de Al Qaïda sont nées en 1987 en Afghanistan, mais en quelle année cette organisation terroriste est-elle devenue une organisation solide ? 1998
21%
En quelle année un mur entre Israël et la Cisjordanie est crée dans le but de protéger Israël du terrorisme palestinien ? 2002
21%
Comment s'appelle le texte montrant la "bonne pratique de l'islam" et le "bon fonctionnement de la société" ? Charia
20%
Quelle guerre a eu lieu en 1967 qui opposait Israël et les pays arabes ? Guerre des 6 Jours
20%
Et de 2001 à aujourd'hui ? Multipolaire (ou apolaire)
20%
Grâce à quelle traité cette guerre s'achève ? Traité de Paris
20%
Citez un mode de résolution des guerres Capitulation, négociations, victoire, coûts trop élevés, intervention extérieur
19%
En quelle année l'organisation de la libération de la Palestine a été créée ? 1964
18%
Comment appelle-t-on les personnes anti-système, qui veulent faire disparaitre l'état... ? Anarchistes
18%
Citez une colonie que la France perd dû à cette guerre Québéc, Louisiane, Pondichery...
18%
Quelle est la 1ère raison de pourquoi faire la guerre ? Territoire
18%
de 1991 à 2001 ? Unipolaire
16%
Et la création du Hezbollah ? 1982
15%
Citez une des guerres du XXe siècle Guerre de Corées, Guerre du Vietnam, Guerre du golf, 1ère Guerre Mondiale, Seconde Guerre Mondiale
15%
Citez un des deux traités en faisant partis Traité de Münster, Traité de Osnabrück
15%
Que signifie Al Qaïda en français ? La base
14%
Comment s'appelle le lieu saint pour les juifs à Jéruslam ? Mur des Lamentations
14%
A combien des 57 batailles sous l'empire napoléonien Napoléon a-t-il participé ? 45
12%
Comment s'appelle l'armée de l'ONU ? Casques bleues
10%
Citez au moins une raison qui fait qu'il y a moins de guerre conventionnelles de nos jours Dissuasion nucléaire, mondialisation, raisons économiques
10%
Qui sont à l'origine du mouvement terroriste (né en Egypte) ? Frères musulmans
9%
A quel siècle l'islam à-t-elle été créée ? VIIe siècle
9%
Combien les guerres napoléoniennes ont-elles tuées de personnes ? 2-3 Millions
7%
Qu'est-ce que Napoléon utilise pour ne pas se rendre visible lors de guerre ? Brouillard de guerre
7%
En quelle année la Prusse va s'allier à la Russie ? 1762
6%
En quelle année ? 1928
6%
Que s'est-il passé le 23 mai 1618 pendant la guerre de 30 ans ? Défenestration de Prague
6%
Comment est appelée la plus grande communauté chrétienne en Egypte ? Coptes
5%
Quel universitaire américain a écrit une thèse du nom de "la fin de l'histoire" en 1992 ? Fukuyama
5%
Qui a dit que l'état était le seul à pouvoir avoir recours à la "violence légitime" en 1908 ? Max Weber
5%
Comment s'appelle le concept de conflit inévitable entre une puissance dominante et une puissance montante (ici Etats-Unis et Chine) ? Piège de Thucydide
4%
Quel empire a perdu environ 30% de sa population ? Saint-Empire-Romain-Germanique
4%
D'après l'Europe, de quel pays à quel pays s'étend le Moyen-Orient ? Egypte-Iran
3%
Comment appelle-t-on le mélange de guerre conventionnelles et non conventionnelles ? Hybridation des types de guerre
3%
Comment appelle-t-on la région est du Moyen-Orient où ce trouve la Syrie, la Jordanie, Isräel, le Liban... ? Le Levant
3%
Citez un exemple de guerre à échelle intra nationale ? Narcotrafique, Mexique, Libye
3%
Quel spécialiste de la guerre s'est posé la question de : "connaîtrons nous les conflits dans les années 2020 ?" ou celui-ci a réussi à en deviner plus d'un ? Pascal Boniface
3%
Contre qui une chasse est organisée en Allemagne et a tuée environ 50 000 personnes ? Sorcières
3%
Comment est appelée le nom de l'opération menée en Afghanistan dans le but de lutter contre les talibans ? Enduring Freedom
2%
Citez un exemple de guerre à échelle locale/urbaine ? Favelas
2%
Comment s'appelle le lieu saint pour les musulmans à Jéruslam ? L'Esplanade des mosquées
2%
D'après les Etats-Unis, de quel pays à quel pays s'étend le Moyen-Orient ? Maroc-Pakistan
2%
Quelle paix a mit fin aux conflits entre catholiques et protestants en 1555 ? Paix d'Augsbourg
2%
Lors de cette guerre ont eux lieux 4 phases : la phase bohémienne, danoise, suédoise et ? Franco-suédoise
1%
Citez un traité qui a abouti a une paix positive Grande conférence de l'après guerre
1%
Qui a pendant cette guerre fait en sorte de changer les alliances qui seront considérés comme "contre-nature" ? Madame de Pompadour
1%
Quelle ville les suédois ont brulés en 1631 tuant 24 000 personnes ? Magdebourg
1%
Quel révolutionnaire a dit : "La Prusse ce n'est pas un état qui possède une armée mais une armée qui possède un état" ? Mirabau
1%
Comment l'auteur de l'ouvrage "De la guerre" qualifie les limites repoussées de la guerre classique ? Montées aux extrêmes
1%
Citez au moins une limite des guerres napoléoniennes ? Se bat en uniforme, se bat sur un champ de bataille, pas d'idéologie extrême, pas révolutionnaire
1%
Comment nomme-t-on le courant politique qui prêche l'islamisation de la société y compris par les moyens les plus radicaux ? Terrorisme islamisme
1%
Comment s'appelle le lieu saint pour les chrétiens à Jéruslam ? Eglise de la Nativité
0%
Citez une des conséquences de cette guette Epidémie, âge glacière, crise de subsistance
0%
Quelle est la définition de la guerre classique selon lui ? La poursuite de la politique par d'autres moyens
0%
Quel danois va faire allégeance à Daech ? Morten Storm
0%
Aucun quiz correspondant
Distribution des résultats
% des personnes avec chaque résultat
Percentile par nombre de réponses
Votre historique - résultats
Vous n’avez pas pris ce quiz